00451 2200169 4500001002100000005001500021008004100036020002200077035001900099082001000118090001400128100002300142700002200165245003500187260004500222650001400267INLIS00000000001002220241224113928241224||||||||| | ||| |||| ||  a978-602-00-2261-1 0010-12240100220 a778.9 a778.9 MOD0 aJubilee Enterprise0 aArdiyanto Nugroho00aModelling Photography Handbook aJakartabPT. Elex Media Komputindoc2012 0aFotografi